[Event "100 years Romania 2018"]
[Site "Alba Iulia"]
[Date "2018.11.13"]
[Round "2"]
[White "Zaim, Marian"]
[Black "Harutjunyan, Gevorg"]
[Result "0-1"]
[WhiteElo "2016"]
[BlackElo "2470"]
[Annotator "TA"]
[PlyCount "78"]
[EventDate "2018.11.12"]
[EventType "swiss"]
[EventCountry "ROU"]
[SourceTitle "playchess.com"]
[Source "ChessBase"]
[SourceQuality "1"]

{[%evp 16,78,-10,-41,-22,-24,10,14,17,-2,21,14,29,23,12,12,21,0,12,-56,-50,-83,-50,-114,-101,-216,-210,-197,-191,-283,-29,-354,-201,-217,-205,-289,-283,-295,-277,-336,-331,-351,-340,-360,-367,-361,-372,-359,-353,-364,-362,-510,-493,-611,-600,-555,-534,-979,-978,-962,-952,-5767,-5597,-29985,-29986]} 1. Nf3 d5 2. c4 d4 3. d3 Nc6 4. g3 g6 5. Bg2 Bg7 6. O-O {A09: Réti Opening: 1 Nf3 d5 2 c4} e5 7. Na3 Nge7 8. Nc2 a5 9. Rb1 {LiveBook: 5 Games} h6 (9... O-O 10. Nd2 b6 11. b3 Bb7 12. a3 Qc8 13. Nf3 Nd8 {1-0 (62) Van Wely,L (2675)-Van Foreest,J (2606) Amsterdam 2017}) 10. b3 g5 $146 ({Predecessor:} 10... Be6 11. Bb2 Qd7 12. Re1 O-O 13. a3 Bh3 {1-0 (36) Navabi,S (2121)-Ghader Pour,S (2190) Teheran 2007}) 11. a3 {[%cal Ba2a3,Ba3b4][%mdl 32]} Ng6 12. b4 Nce7 13. Nd2 axb4 14. axb4 g4 15. Nb3 h5 16. e3 dxe3 17. fxe3 (17. Bxe3 $11 f5 18. Qd2) 17... f5 $1 $15 18. Qe2 h4 19. Bd2 ({White should try} 19. b5 $1 $15) 19... Ra2 $17 20. Be1 (20. Bc3 $17 {keeps fighting.}) 20... hxg3 $19 21. hxg3 Bh6 22. Qd1 (22. Ra1 {was worth a try.} Rb2 23. Ra3) 22... e4 $2 (22... f4 $19 {...f3 is the strong threat.} 23. exf4 exf4) 23. Nbd4 $2 {[%mdl 8192] [#]} (23. Nc1 $11) 23... exd3 (23... Bxe3+ $142 $1 {[%mdl 512]} 24. Nxe3 Qxd4) 24. Qxd3 {[#] Black must now prevent Qb3.} Rxc2 $1 {[%mdl 512]} 25. Qxc2 (25. Bf2 $142 Ra2 26. Qb3) 25... Bxe3+ 26. Bf2 Qxd4 $1 ({Weaker is} 26... Bxd4 27. Rbd1 $15) 27. Rbd1 Bxf2+ 28. Rxf2 Qe3 29. Qd3 Qxd3 30. Rxd3 Ne5 31. Rc3 Kf7 32. Rd2 Be6 33. Rdc2 (33. b5 {might work better.}) 33... N7c6 34. Ra2 Nd4 35. Kf2 Nxc4 36. Ra7 Nb5 37. Rxc4 Bxc4 38. Rxb7 Rh2 39. Kg1 {[#]} Rxg2+ $1 {Precision: White = 27%, Black = 66%.} 0-1

[Event "100 years Romania 2018"]
[Site "Alba Iulia"]
[Date "2018.11.13"]
[Round "3"]
[White "Istratescu, Andrei"]
[Black "Filip, Lucian-Ioan"]
[Result "1/2-1/2"]
[WhiteElo "2565"]
[BlackElo "2432"]
[Annotator "TA"]
[PlyCount "128"]
[EventDate "2018.11.12"]
[EventType "swiss"]
[EventCountry "ROU"]
[SourceTitle "playchess.com"]
[Source "ChessBase"]
[SourceQuality "1"]

{[%evp 19,128,22,26,0,10,0,18,0,7,0,37,14,24,0,0,0,0,6,27,34,66,53,55,56,65,50,63,66,72,72,83,74,73,71,92,95,94,94,94,92,101,100,105,106,101,93,94,95,101,101,101,101,106,101,107,86,104,104,103,101,105,105,110,109,107,107,112,101,107,98,114,104,101,104,102,95,95,95,97,90,106,97,109,118,124,116,198,213,973,580,1010,999,943,940,213,0,0,0,0,0,0,0,0,0,0,0,8,0,0,0,0]} 1. d4 Nf6 2. c4 e6 3. Nf3 b6 4. g3 Bb4+ 5. Bd2 Bxd2+ 6. Qxd2 Ba6 7. b3 c6 8. Bg2 d5 9. O-O O-O 10. Rc1 {E15: Queen's Indian: 4 g3 sidelines, 4 g3 Ba6 and 4 g3 Bb7 early deviations} Nbd7 {LiveBook: 41 Games} 11. Na3 $146 ({Predecessor:} 11. a4 Rc8 12. Na3 Bb7 13. b4 c5 14. cxd5 Bxd5 15. dxc5 bxc5 16. b5 c4 17. Qb4 Bxf3 18. Bxf3 {1-0 (46) Inarkiev,E (2732)-Hou,Y (2658) Petropavlovsk Kamchatsky 2016}) 11... Qe7 12. Qb2 c5 13. cxd5 exd5 14. e3 Bd3 15. Nb1 Be4 16. Nbd2 Bf5 17. Rd1 Rfe8 18. Rac1 a5 19. Nb1 Bxb1 20. Rxb1 a4 21. Ne1 axb3 22. axb3 Rac8 23. dxc5 bxc5 24. Bxd5 Nxd5 25. Rxd5 Nf6 26. Rd3 {[%cal Bd5d3,Bd3c3,Bc3c4][%mdl 32]} c4 27. bxc4 Rxc4 28. Nf3 Qe4 29. Qe2 Rc3 30. Rxc3 Qxb1+ 31. Kg2 Qe4 32. Qc4 (32. Rc4 {is interesting.} Qd5 33. Qc2 g6 34. Rc5 Qd7 35. Qc4) 32... Qxc4 33. Rxc4 $16 {[%mdl 4096] Endgame KRN-KRN} g6 34. g4 h6 35. h3 Re7 36. Nd4 Kg7 37. Ne2 Ne4 38. Nf4 Nf6 39. Kf3 Ra7 40. Rc5 Nd7 41. Rb5 Nf6 42. Ne2 Rd7 43. Ng3 Ra7 44. Rb4 Rc7 45. h4 Rc5 46. Ne2 Ra5 47. Kg3 Ra7 48. Nf4 Ra5 49. Rd4 Kf8 50. f3 Kg7 51. e4 g5 52. Nd5 Nxd5 (52... Nd7 $16) 53. exd5 {KR-KR} Kf6 $2 (53... Kf8 54. d6 Ra8) 54. d6 $18 Ra8 {[#]} 55. f4 $1 {[%cal Rf4g5]} gxf4+ 56. Kxf4 Ke6 57. d7 $2 ({White has to play} 57. h5 $18) 57... Rd8 $11 {The position is equal.} 58. g5 h5 $1 59. Re4+ (59. Rd2 {is more complex.} Ke7 60. Re2+ Kxd7 61. g6 fxg6 62. Kg5) 59... Kxd7 60. Kf5 Re8 $1 61. Ra4 Ke7 62. Ra6 Kf8 63. Rh6 Kg7 64. Rxh5 {Hoping for Rh6.} Re6 {Precision: White = 60%, Black = 50%.} 1/2-1/2

[Event "100 years Romania 2018"]
[Site "Alba Iulia"]
[Date "2018.11.13"]
[Round "3"]
[White "Manolache, Marius"]
[Black "Stoleriu, George"]
[Result "1-0"]
[WhiteElo "2518"]
[BlackElo "2362"]
[Annotator "TA"]
[PlyCount "81"]
[EventDate "2018.11.12"]
[EventType "swiss"]
[EventCountry "ROU"]
[SourceTitle "playchess.com"]
[Source "ChessBase"]
[SourceQuality "1"]

{[%evp 16,81,17,8,25,17,5,12,27,-2,31,0,29,30,36,11,25,13,20,12,46,26,27,16,32,26,34,28,19,19,41,9,10,15,0,12,17,13,14,0,78,65,182,179,195,200,294,303,282,289,441,433,509,505,516,514,469,374,444,447,537,509,581,584,564,601,727,720]} 1. d4 e6 2. Nf3 Nf6 3. e3 b6 4. b3 Bb7 5. Bd3 Be7 6. c4 c5 7. O-O O-O {E14: Queen's Indian: Classical Variation (4 e3)} 8. dxc5 (8. Bb2 cxd4 9. exd4 d5 10. Nbd2 Nc6 11. Qe2 Re8 12. Rfd1 Bf8 13. Nf1 g6 14. Ne5 Bg7 15. Ng3 Qe7 16. f4 Rad8 17. Qe3 dxc4 18. bxc4 Qc7 19. h3 {0-1 (60) Inarkiev,E (2666)-Deviatkin,A (2512) Vladivostok 2014}) 8... bxc5 9. Bb2 {LiveBook: 6 Games} d6 {The position is equal.} 10. Nc3 Nc6 11. Qe2 a6 12. Rac1 Qc7 13. Rfd1 Rac8 $146 ({Predecessor:} 13... Rad8 14. Bb1 Rfe8 {½-½ (72) Kushwaha,N (1827)-Pradip,G (2197) Gurgaon 2010}) 14. Bb1 Rfd8 15. Na4 h6 16. Bc3 Ba8 17. Ne1 {[%cal Bf3e1,Be1d3,Bd3f4][%mdl 32]} Qb7 18. Qf3 Qc7 {White must now prevent ...Nd4.} 19. Qg3 Ne8 20. Nd3 Bf6 21. Nf4 Bxc3 22. Nxc3 Qe7 23. h4 Nf6 24. Ne4 Nxe4 25. Bxe4 Qf6 26. Rd2 $36 {[%mdl 2048] White has good play.} Qe5 27. Bf3 Rd7 (27... a5 $1 $11) 28. Rcd1 $16 Rcd8 {[#]} (28... Ne7 $14) 29. Nd3 $1 $18 {[%cal Rd3e5]} Qxg3 30. fxg3 Ne7 {[#]} (30... Rc7 {was called for.} 31. Nxc5 Ne5) 31. Nxc5 $1 {[%mdl 512]} Rc7 (31... dxc5 32. Rxd7) 32. Nxa6 Ra7 (32... Bxf3 {might work better.} 33. gxf3 (33. Nxc7 Bxd1 34. Rxd1 Rc8 $18) 33... Rc6) 33. Rxd6 Rxd6 34. Rxd6 {And now Rd8+ would win.} Bxf3 35. gxf3 {[%mdl 4096] Endgame KRN-KRN} Nf5 36. Rd8+ Kh7 37. Nb4 {White is clearly winning.} Nxe3 38. c5 {[%cal Bc4c5,Bc5c6][%mdl 32]} Nf5 39. c6 Ne7 40. a4 Kg6 41. Rd7 {Precision: White = 63%, Black = 33%.} 1-0

[Event "100 years Romania 2018"]
[Site "Alba Iulia"]
[Date "2018.11.13"]
[Round "3"]
[White "Tilicheev, Viacheslav"]
[Black "Vaishali R"]
[Result "1-0"]
[WhiteElo "2509"]
[BlackElo "2346"]
[Annotator "TA"]
[PlyCount "61"]
[EventDate "2018.11.12"]
[EventType "swiss"]
[EventCountry "ROU"]
[SourceTitle "playchess.com"]
[Source "ChessBase"]
[SourceQuality "1"]

{[%evp 22,61,28,37,97,109,122,115,114,108,394,382,685,160,158,138,202,202,212,212,214,204,209,208,208,46,47,41,43,0,0,0,503,503,1045,1010,29995,29996,29996,29997,29997,29998]} 1. Nf3 Nf6 2. c4 e6 3. b3 c5 4. Bb2 b6 5. g3 Bb7 6. Bg2 Be7 7. O-O O-O 8. Nc3 d5 9. e3 Nc6 10. cxd5 exd5 11. d4 Re8 12. Rc1 {LiveBook: 30 Games} Ba6 {[#] A14: English Opening: 1...e6 with b3 by White} (12... Rc8 $14) (12... Bf8 13. Ne2 Ne4 14. Nf4 Ba6 15. Re1 c4 16. bxc4 Bxc4 17. a3 Rc8 18. Ne5 Nxe5 19. dxe5 b5 20. Qg4 {1-0 (35) Vitiugov,N (2720)-Frolyanov,D (2610) Olginka 2011}) 13. Ne5 $146 {[%cal Re5c6]} ({Predecessor:} 13. Re1 c4 14. Ne5 Na5 15. e4 dxe4 16. Nxe4 Nxe4 17. Bxe4 Rc8 18. bxc4 Nxc4 19. Bxh7+ Kxh7 20. Qh5+ Kg8 21. Qxf7+ Kh7 22. Nxc4 Bb4 23. d5 Bxe1 24. Rxe1 Qg5 25. Re5 {1-0 (25) Haag,M (2229)-Puschendorf,S (2118) Wiesbaden 2018}) 13... Bb7 {[#]} 14. Nxd5 $1 {[%mdl 512]} Nxd5 {[#]White is better.} 15. Nxf7 $1 {[%mdl 512]} Kxf7 $2 {[%mdl 8192]} (15... Qd7 $16 {is a better defense.}) 16. Qh5+ $18 Ke6 $2 (16... g6 17. Qxh7+ (17. Bxd5+ Kg7 $11) (17. Qxd5+ Qxd5 18. Bxd5+ Kf8 $15) 17... Ke6 18. dxc5 Bxc5 19. Qxb7 Nce7) 17. Bh3+ $2 (17. Rfd1 $18 {has better winning chances.} Ncb4 18. dxc5 bxc5 19. Qg4+ (19. Bxg7 Bf6 $14) (19. Qxh7 Bf6 $14) 19... Kd6 20. a3) 17... Kd6 $16 {Threatens to win with ...Kc7.} 18. dxc5+ bxc5 (18... Kc7 $16 {was called for.}) 19. Rfd1 $18 Ncb4 {And now ...Bf6 would win.} 20. a3 {[%cal Ba2a3,Ba3b4][%mdl 32]} Bf6 21. Bxf6 Qxf6 22. axb4 Re5 23. Qg4 $2 ({Don't play} 23. Qxh7 $6 Rf8) ({White should play} 23. Qe2 $18 Ke7 24. Qb5 (24. Rxc5 Rd8 $16)) 23... Bc8 $1 $14 {[%cal Rc8g4]} 24. Qc4 {[%csl Gb4,Gc1][%cal Rc4c5]} ({Don't go for} 24. bxc5+ $2 Kc7 $19) 24... Bxh3 25. Qxc5+ Ke6 26. f4 Rf8 $2 {[%mdl 8192] [#]} (26... Rh5 $11 27. f5+ Qxf5 28. Qc6+ Kf7 29. Qxa8 Qe6 30. Qb7+ Ne7 31. Qf3+ (31. Qxa7 Re5 $11) 31... Rf5) 27. e4 $1 $18 Rh5 (27... Nxf4 $142 28. Rd6+ Kf7 29. Rxf6+ gxf6 30. Qc7+ Re7) 28. Rxd5 {Rd6+ would kill now.} Rxd5 29. Qxd5+ {White mates.} Ke7 30. Rc7+ Ke8 31. Qb5+ {Precision: White = 67%, Black = 14%.} 1-0

[Event "100 years Romania 2018"]
[Site "Alba Iulia"]
[Date "2018.11.13"]
[Round "3"]
[White "Harutjunyan, Gevorg"]
[Black "Ileana, George"]
[Result "1-0"]
[WhiteElo "2470"]
[BlackElo "2318"]
[Annotator "TA"]
[PlyCount "137"]
[EventDate "2018.11.12"]
[EventType "swiss"]
[EventCountry "ROU"]
[SourceTitle "playchess.com"]
[Source "ChessBase"]
[SourceQuality "1"]

{[%evp 15,137,52,47,56,51,56,53,44,53,47,67,43,62,64,61,37,72,0,22,9,8,10,66,71,93,93,66,97,110,117,339,343,340,341,366,366,391,374,486,473,570,374,439,439,399,364,343,317,328,147,200,200,200,200,200,200,200,200,200,200,200,200,200,200,200,200,455,325,455,455,597,576,576,576,4466,576,12835,576,576,561,576,576,12844,551,536,514,482,379,295,228,12846,12839,12845,228,12845,12847,12842,12827,12829,12839,12756,12669,11031,8240,4926,4485,29949,29952,29951,29952,29951,29955,29939,29946,29940,5700,29958,29962,29962,29966,29959,29960,29977,29977]} 1. Nf3 Nf6 2. g3 d5 3. Bg2 c6 4. O-O Bf5 5. c4 e6 6. cxd5 cxd5 7. d3 h6 8. Qb3 {A11: English Opening: 1...c6} Qb6 {LiveBook: 18 Games} 9. Be3 Qxb3 10. axb3 {White is slightly better.} Nc6 11. Nd4 Nxd4 12. Bxd4 a6 13. Nc3 Bg6 14. e4 $146 ({Predecessor:} 14. Rfc1 Rb8 15. e4 dxe4 16. dxe4 {½-½ (45) Schuster,P (2451)-Perevertkin,V (2614) ICCF email 2010}) 14... dxe4 15. dxe4 {Black must now prevent e5.} Nd7 {[%cal Bf6d7,Bd7c5,Bc5b3][%mdl 32]} 16. f4 (16. Rfc1 $16) 16... Bc5 17. Bxc5 Nxc5 18. Rfd1 {Black should prevent b4.} Nxb3 (18... Bh5 $11 19. Rd6 Nxb3) 19. Ra3 $36 {[%mdl 2048] White is really pushing.} Nc5 20. b4 {[%mdl 1024] White has strong compensation.} Nd7 21. Nb5 $1 {[%cal Rb5c7] Hoping for Nc7+.} Ke7 22. Nd6 $1 e5 $2 (22... Bh5 $16 {might work better.} 23. Rd2 g5) 23. Rc3 $1 $18 (23. Nxb7 Bh5 $16) 23... a5 24. Rc7 (24. Nxb7 Rhc8 $16) 24... axb4 25. Nxb7 Rhb8 26. Nc5 (26. Rdxd7+ Kf8 $18) (26. Rcxd7+ Ke8 $18) 26... Ke8 {And now ...Nxc5 would win.} 27. Nxd7 ({Less strong is} 27. Rcxd7 b3 $16) 27... Rd8 28. Rd5 {[%cal Rd5e5]} Ra1+ 29. Bf1 {[%cal Rd5e5]} f6 30. Nc5 Bxe4 31. Rxd8+ Kxd8 32. Ne6+ Ke8 33. Kf2 {Intending Bb5+ and mate.} (33. Nxg7+ Kf8) ({Stronger than} 33. Rxg7 Bf5 $17) 33... Rxf1+ 34. Kxf1 b3 35. Nxg7+ Kf8 36. Ne6+ Ke8 {[#]} 37. Rc8+ $1 Ke7 38. Rb8 Kxe6 {[%mdl 4096] Endgame KR-KB} 39. Rb6+ Kf5 {[#]} 40. fxe5 $1 Kxe5 $2 (40... fxe5 41. Rxb3 h5) 41. Rxb3 Kf5 42. Kf2 h5 43. Ke3 {White threatens Rb5+ and mate.} Bc6 44. Rc3 Bd7 45. Rc7 (45. h4 $142 Be6 46. Kf3) 45... Be6 46. Rg7 (46. h4 $142 Bb3 47. Rh7) 46... Bb3 47. Rh7 Kg6 48. Rb7 Be6 49. Kf4 (49. h4 $142 Kf5 50. Rh7) 49... Bh3 50. Rb5 Bd7 51. Ra5 Bg4 52. h4 Bd7 $2 (52... Kg7 53. Ra8 Be2) 53. Ra7 Bh3 54. Ke4 Bg2+ 55. Kd4 Kf5 56. Rg7 Bf3 57. Kc5 Ke6 58. Rh7 Bg4 59. Kc6 Bf3+ 60. Kc7 Bg4 61. Kd8 f5 62. Ke8 Ke5 63. Re7+ Kf6 64. Kf8 Bd1 65. Rf7+ Ke5 66. Kg7 {White mates.} Ke4 67. Kg6 Bg4 68. Kg5 Kf3 69. Rxf5+ {Precision: White = 82%, Black = 36%.} 1-0

[Event "100 years Romania 2018"]
[Site "Alba Iulia"]
[Date "2018.11.13"]
[Round "3"]
[White "Omelja, Artem"]
[Black "Pisu, Robert-Daniel"]
[Result "1-0"]
[WhiteElo "2453"]
[BlackElo "2236"]
[Annotator "TA"]
[PlyCount "95"]
[EventDate "2018.11.12"]
[EventType "swiss"]
[EventCountry "ROU"]
[SourceTitle "playchess.com"]
[Source "ChessBase"]
[SourceQuality "1"]

{[%evp 14,95,0,3,15,23,36,3,9,1,15,0,0,0,0,0,17,22,23,29,43,33,50,45,77,77,75,78,79,66,74,83,77,45,39,50,157,103,177,45,46,40,124,71,139,147,152,150,231,231,230,241,241,240,233,233,238,239,238,212,233,238,227,205,230,222,198,84,84,84,84,84,100,0,0,0,0,0,613,530,614,565,994,931]} 1. c4 Nf6 2. Nc3 e6 3. Nf3 d5 4. d4 Bb4 5. Qa4+ Nc6 6. e3 O-O 7. Qc2 {D38: Queen's Gambit Declined: Ragozin Defence (4 Nf3 Bb4)} (7. Bd2 dxc4 8. Bxc4 Bd6 9. e4 e5 10. dxe5 Nxe5 11. Nxe5 Bxe5 12. O-O-O Qe8 13. Qxe8 Rxe8 14. f3 Be6 15. Bxe6 Rxe6 {½-½ (67) Navara,D (2727)-Harikrishna,P (2732) Prague 2018}) 7... Re8 8. Bd2 {LiveBook: 33 Games} h6 9. a3 {The position is equal.} Bd6 10. h3 $146 ({Predecessor:} 10. c5 Bf8 11. Bb5 Bd7 12. O-O g6 13. b4 {½-½ (13) Saric,A (2441)-Brkic,A (2577) Solin 2007}) 10... dxc4 11. Bxc4 e5 12. d5 Ne7 13. O-O $36 {[%mdl 2048] White is pushing.} a6 14. e4 c6 15. dxc6 Nxc6 16. Be3 b5 17. Ba2 Bb7 18. Rfd1 Qe7 19. Nd5 Nxd5 20. Bxd5 Rac8 21. Qd2 Nd8 22. Rac1 Bc5 23. b4 Bxe3 24. Qxe3 Nc6 (24... Rxc1 $1 $14 25. Qxc1 (25. Rxc1 Bxd5 26. exd5 Qd7 $11) 25... Kh7) 25. Rc5 (25. Qb6 $142 Nd8 26. Rxc8 Bxc8 27. Rc1) 25... Nb8 (25... Kh7 $16 26. Rdc1 Nd4 27. Nxd4 exd4 28. Qxd4 Rcd8) 26. Rdc1 ({White should try} 26. Nxe5 $1 $18 Bxd5 27. Rdxd5) 26... Rxc5 $14 27. Qxc5 Qd7 (27... Qxc5 $14 28. bxc5 Bc6) 28. Rd1 (28. Bb3 $142 Nc6 29. Bd5) 28... Rc8 (28... Kh7 $142) 29. Qb6 $16 Bxd5 30. Rxd5 Qc6 (30... Qe8 $16 {was worth a try.} 31. Nxe5 (31. Rxe5 Rc1+ 32. Kh2 Qc8 $16) 31... Nc6) 31. Rd8+ $18 Rxd8 32. Qxd8+ Kh7 33. Qxb8 Qc1+ 34. Kh2 Qf4+ 35. Kh1 Qc1+ 36. Ng1 {Black must now prevent Qa7.} Qxa3 37. Qxe5 Qxb4 38. Qf5+ Kg8 39. Qc8+ Kh7 40. Qxa6 (40. e5 $18) 40... Qb1 $16 41. Kh2 {Qb7 is the strong threat.} b4 42. Qb7 {And now Nf3 would win.} b3 {Strongly threatening ...b2.} 43. Qxf7 (43. Ne2 $16) 43... b2 $11 44. Qf5+ Kg8 45. Qd5+ Kh7 $2 {[%mdl 8192] [#]} (45... Kh8 $11 46. Nf3 Qc1) 46. Nf3 $1 $18 {[%cal Rf3d2] White is clearly winning.} Qc1 {[#]} 47. Nd2 $1 b1=Q 48. Qf5+ {Precision: White = 58%, Black = 41%.} ({Weaker is} 48. Nxb1 Qf4+ 49. Kh1 (49. g3 Qxf2+ 50. Kh1 Qf1+ 51. Kh2 Qf2+ 52. Kh1 Qf1+ 53. Kh2 Qf2+ $11) 49... Qc1+ 50. Kh2 Qf4+ 51. Kh1 (51. g3 Qxf2+ 52. Kh1 Qf1+ 53. Kh2 Qf2+ 54. Kh1 Qf1+ 55. Kh2 Qf2+ $11) 51... Qc1+ 52. Kh2 $11) 1-0

[Event "100 years Romania 2018"]
[Site "Alba Iulia"]
[Date "2018.11.13"]
[Round "3"]
[White "Sieciechowicz, Marcin"]
[Black "Fedorov, Alexei"]
[Result "1/2-1/2"]
[WhiteElo "2432"]
[BlackElo "2558"]
[Annotator "TA"]
[PlyCount "49"]
[EventDate "2018.11.12"]
[EventType "swiss"]
[EventCountry "ROU"]
[SourceTitle "playchess.com"]
[Source "ChessBase"]
[SourceQuality "1"]

{[%evp 13,49,11,12,10,31,-14,43,46,26,32,69,29,15,18,29,22,25,34,30,69,48,27,36,37,91,0,55,43,34,-11,-20,-39,-8,-11,-11,-11,-17,-89]} 1. d4 Nf6 2. Nf3 g6 3. Bg5 Bg7 4. Nbd2 O-O 5. c3 d6 6. e3 b6 7. Bd3 Bb7 {LiveBook: 23 Games} 8. h4 {A48: 1 d4 Nf6 2 Nf3 g6: Torre, London and Colle Systems} (8. O-O Nbd7 9. e4 h6 10. Bh4 e5 11. Re1 Qe8 12. a4 a6 13. dxe5 Nxe5 14. Nxe5 dxe5 15. Qc2 a5 16. Nc4 Nh5 17. f3 {½-½ (17) Van den Doel,E (2607)-Safarli,E (2676) Hoogeveen 2018}) 8... h5 9. Bxf6 Bxf6 $146 ({Black should try} 9... exf6 $11 10. O-O c5) ({Predecessor:} 9... exf6 10. Be4 d5 11. Bd3 c5 12. Qe2 Nd7 13. Rd1 f5 14. g3 Qc7 15. Ba6 Nf6 16. Bxb7 Qxb7 {0-1 (24) Taleb,M (2439)-Kuzmin,A (2568) Dubai 2002}) 10. Qc2 $14 {White is slightly better.} Kg7 11. O-O-O c5 12. dxc5 (12. g4 $5 hxg4 13. h5 $11) 12... bxc5 13. Rdg1 Qc8 {[#]} 14. g4 $1 {[%cal Rg4h5][%mdl 512]} hxg4 15. h5 {[%cal Bh4h5,Bh5h6][%mdl 32]} g5 $1 (15... Bxf3 16. Nxf3 gxf3 17. hxg6 $18) 16. Bf5 {[%cal Bd3f5,Bf5g4,Bg4h5][%mdl 32]} e6 $1 {[%cal Re6f5]} 17. h6+ Kh8 18. Bxg4 Nd7 19. Rh3 (19. Bh5 $16) 19... c4 (19... Rb8 $11) 20. Bh5 Bxf3 21. Rxf3 {Threatens to win with Ne4.} d5 22. e4 d4 (22... Qc7 $5 {[%cal Rc7h2]} 23. Rh1 Rab8 $11) 23. cxd4 {The position is equal.} Bxd4 {And now ...Ne5 would win.} 24. Nxc4 {[#] Black must now prevent Rd1.} (24. Rxf7 $2 Rxf7 25. Bxf7 Ne5 $17) 24... Qc5 25. Kb1 {Precision: White = 61%, Black = 57%.} ({Much weaker is} 25. Bxf7 Rac8 $17) (25. Rxf7 $11 {keeps the balance.} Rxf7 26. Bxf7) 1/2-1/2

[Event "100 years Romania 2018"]
[Site "Alba Iulia"]
[Date "2018.11.13"]
[Round "3"]
[White "Petrisor, Adrian-Marian"]
[Black "Marin, Mihail"]
[Result "1/2-1/2"]
[WhiteElo "2425"]
[BlackElo "2555"]
[Annotator "TA"]
[PlyCount "37"]
[EventDate "2018.11.12"]
[EventType "swiss"]
[EventCountry "ROU"]
[SourceTitle "playchess.com"]
[Source "ChessBase"]
[SourceQuality "1"]

{[%evp 16,37,2,21,19,-7,0,-13,2,4,27,27,27,27,27,19,19,29,25,26,47,45,65,68]} 1. e4 e6 2. d4 d5 3. exd5 exd5 4. Bd3 Nf6 5. Nf3 c5 {[%cal Bc7c5,Bc5c4][%mdl 32]} 6. O-O {C01: French: Exchange Variation} Nc6 (6... c4 7. Re1+ Be7 8. Be2 O-O 9. b3 cxb3 10. axb3 Nc6 11. c3 Re8 12. Nbd2 Bd6 13. Bd3 Bg4 14. Rxe8+ Qxe8 {0-1 (52) Fontaine,R (2563)-Carlsen,M (2834) chess.com INT 2018}) 7. Re1+ Be7 8. c3 O-O 9. h3 {LiveBook: 3 Games} Qb6 10. Na3 $146 ({Predecessor:} 10. Nbd2 cxd4 11. cxd4 Bd6 12. Nf1 h6 13. Ne3 Re8 14. b3 {0-1 (26) Vecchia,M (2069)-Arizmendi Martinez,J (2509) Campillos 2005}) 10... c4 11. Bb1 Bxa3 12. bxa3 Qa5 13. Bg5 {Hoping for Bxf6.} Ne4 14. Bxe4 dxe4 15. Rxe4 {[#] Threatens to win with d5.} Bf5 16. Re3 {d5 is the strong threat.} f6 17. Bf4 Rad8 18. Qe2 Qd5 19. a4 1/2-1/2

[Event "100 years Romania 2018"]
[Site "Alba Iulia"]
[Date "2018.11.13"]
[Round "3"]
[White "Secheres, Adrian-Simion"]
[Black "Moiseenko, Vadim"]
[Result "1/2-1/2"]
[WhiteElo "2388"]
[BlackElo "2491"]
[Annotator "TA"]
[PlyCount "82"]
[EventDate "2018.11.12"]
[EventType "swiss"]
[EventCountry "ROU"]
[SourceTitle "playchess.com"]
[Source "ChessBase"]
[SourceQuality "1"]

{[%evp 9,82,66,66,67,69,65,73,52,47,30,25,37,36,30,62,62,32,32,62,62,62,60,65,62,73,73,66,60,65,64,85,82,87,83,83,56,63,52,49,31,42,38,44,22,40,23,42,20,23,0,0,0,0,0,0,0,0,0,0,0,0,0,0,0,0,0,0,0,0,0,0,0,0,0,0]} 1. d4 d5 2. c4 e6 3. Nc3 Ne7 4. Bf4 a6 5. e3 Nbc6 6. Nf3 {D31: Queen's Gambit Declined: Semi-Slav without ...Nf6 (+ Marshall Gambit and Noteboom) and Exchange Variation lines without ...Nf6} Ng6 (6... g6 7. Be2 Bg7 8. O-O O-O 9. cxd5 exd5 10. Rc1 h6 11. h3 b6 12. a3 Bb7 {½-½ (43) Lupulescu,C (2637)-Bernadskiy,V (2562) Abu Dhabi 2017}) 7. Bg3 Bd6 $146 ({Predecessor:} 7... Be7 8. Be2 O-O 9. O-O Bd6 10. c5 Be7 11. a3 f5 12. Bd3 f4 13. Bxg6 fxg3 {1-0 (34) Saoud,S (1508)-Bousselmi,M Tunis 2017}) 8. Be2 {White is better.} O-O 9. Rc1 (9. Nd2 {is interesting.} dxc4 10. Nxc4 Nce7 11. O-O Bxg3 12. hxg3 b6 13. Bf3) 9... dxc4 10. Bxc4 e5 11. dxe5 Ngxe5 12. Nxe5 Nxe5 13. Be2 Bd7 14. O-O Bc6 15. Qd4 Re8 16. Rfd1 Qe7 17. Ne4 {[%cal Re4d6]} Rad8 18. Nxd6 Rxd6 19. Qc3 Re6 20. Rd4 Qf6 21. Rcd1 h6 22. Qd2 Bb5 23. Bxb5 axb5 24. Rd8 c6 25. b3 Kh7 26. h3 Qf5 27. Qc3 f6 28. Rxe8 Rxe8 29. Bxe5 (29. f3 {keeps more tension.} Qe6 30. Rd2 Qe7 31. e4 Ra8 32. Bf2) 29... Rxe5 {The position is equal.} 30. Qd3 Qxd3 31. Rxd3 $11 {[%mdl 4096] Endgame KR-KR} Rc5 32. Rd7 Rc1+ 33. Kh2 Rc2 34. Rxb7 Rxa2 35. Kg3 Rc2 36. b4 h5 37. h4 Rc4 38. Rc7 Kg6 39. f3 f5 40. e4 fxe4 41. fxe4 Rxe4 {Precision: White = 55%, Black = 66%.} 1/2-1/2